000 00809ngm a22003250a 4500
001 PT41994
003 AR-LpoUNG
005 20210201235920.0
007 vd cvaizq
008 191001s2009||||ag |||||||||||||||||spa d
037 _c$12.25
040 _aAR-LpoUNG
_bspa
_cAR-LpoUNG
_eaacr
041 _aspa
044 _aag
082 0 _a781.63 165v2
100 1 _aSalinas, Luis
245 1 0 _aLuis Salinas en vivo :
_bclásicos de música argentina y algo más : día 2 tango
260 _aBuenos Aires :
_bEpsa,
_c2009.
300 _aDVD : son., col.
650 4 _aARGENTINA
650 4 _aIDENTIDAD CULTURAL
650 4 _aMUSICA
650 4 _aMUSICA POPULAR
651 4 _aArgentina
653 _aCONCIERTO
653 _aDVD
653 _aMUSICA EN VIVO
905 _a41994
942 _cDVD
999 _c53770
_d53770